Name the Global city - Statistics

General Stats
  • This quiz has been taken 21 times
  • The average score is 13 of 15
Answer Stats
Picture Answer % Correct
London
100%
Los Angeles
100%
New York City
100%
Paris
100%
Sydney
100%
Beijing
95%
Moscow
95%
Dubai
89%
Istanbul
89%
Hong Kong
84%
Singapore
79%
Tokyo
74%
Shanghai
68%
Houston
58%
Seoul
47%
No matching quizzes found
Score Distribution
Percent of People with Each Score
Percentile by Number Answered
Your Score History
You have not taken this quiz